00508 2200181 4500001002100000005001500021008004100036020001800077035001900095041000700114082001400121090002000135100001900155245004300174260006100217300002300278650002500301INLIS00000000001358320241224114602241224||||||||| | ||| |||| || |  a979-9917-21-2 0010-1224013583 aid0 a371.12598 a371.12598 MUC m0 aMuchlas Samani00aMENGENAL SERTIFIKASI GURU DI INDONESIA bSIC dan ASOSIASI PENELITI PENDIDIKAN INDONSIA 2006c2010 a145hlm;14.5x20.5cm 0aPendidikan Indonesia